Statistics for Non Landlocked European Countries

Click here to take the quiz!

General Stats

  • This quiz has been taken 40 times
    (35 since last reset)
  • The average score is 29 of 30

Answer Stats

AnswerUK% Correct
Albania
100%
Iceland
100%
Sweden
100%
Spain
100%
Russia
100%
Romania
100%
Norway
100%
Latvia
100%
Ireland
100%
Lithuania
100%
UK
100%
Denmark
100%
Bulgaria
100%
Estonia
100%
France
100%
Finland
100%
Malta
97%
Germany
97%
Portugal
97%
Italy
97%
Croatia
97%
Greece
97%
Belgium
93%
Netherlands
93%
Poland
90%
Slovenia
90%
Monaco
87%
Bosnia
87%
Ukraine
87%
Montenegro
83%

Score Distribution

Percentile by Number Answered

Percent of People with Each Score

Your Score History

You have not taken this quiz since the last reset